La mujer que trabaja en puestos directivos, identidad, agencia y psicoterapia /
Este estudio cualitativo explora la relación entre la capacidad de agencia y la configuración identitaria en una mujer cuya vida ha estado centrada en el ámbito laboral. A través de siete entrevistas en profundidad con enfoque biográfico, se analiza cómo el espacio psicoterapéutico puede facilitar l...
Zapisane w:
| 1. autor: | |
|---|---|
| Format: | Praca dyplomowa Książka |
| Język: | hiszpański |
| Wydane: |
Guadalajara, México :
edición de autor,
2024
|
| Hasła przedmiotowe: | |
| Dostęp online: | Ver documento en línea |
| Etykiety: |
Nie ma etykietki, Dołącz pierwszą etykiete!
|
MARC
| LEADER | 00000nam^a2200000^a^4500 | ||
|---|---|---|---|
| 001 | 000616166 | ||
| 005 | 20251023000000.0 | ||
| 009 | 20260526154222.408 | ||
| 037 | |a Acervo ITESO - Biblioteca | ||
| 041 | |a ESP | ||
| 090 | |a MPS. 124 | ||
| 100 | |a Crespo Santos, María del Rocío |e (autor) | ||
| 245 | 1 | 3 | |a La mujer que trabaja en puestos directivos, identidad, agencia y psicoterapia / |c M. del R. Crespo Santos. |
| 264 | 1 | |a Guadalajara, México : |b edición de autor, |c 2024 | |
| 300 | |a 1 tesis electrónica en línea (147 p.) | ||
| 300 | |a 1 recurso en línea | ||
| 336 | |a datos para computadora |b cod |2 rdacontenido | ||
| 337 | |a computadora |b c |2 rdamedio | ||
| 338 | |a recurso en línea |b cr |2 rdasoporte | ||
| 502 | |a ITESO Tesis de Maestría en Psicoterapia | ||
| 520 | |a Este estudio cualitativo explora la relación entre la capacidad de agencia y la configuración identitaria en una mujer cuya vida ha estado centrada en el ámbito laboral. A través de siete entrevistas en profundidad con enfoque biográfico, se analiza cómo el espacio psicoterapéutico puede facilitar la construcción de nuevas estructuras personales y sociales, promoviendo la confianza para explorar formas de vida alternativas. El análisis se realiza desde una perspectiva de género, considerando tanto los aspectos subjetivos como los contextuales que influyen en la identidad de la participante, visibilizando elementos estructurales y culturales implicados en su desarrollo personal. | ||
| 649 | |a XX | ||
| 650 | |a Mujeres - |x Condiciones Psicológicas | ||
| 650 | |a Mujeres - |x Condiciones Sociales y Culturales | ||
| 650 | |a Mujeres - |x Condiciones Laborales | ||
| 650 | |a Profesionistas - |x Condiciones Psicológicas | ||
| 650 | |a Profesionistas - |x Condiciones Sociales y Culturales | ||
| 650 | |a Profesionistas - |x Condiciones Laborales | ||
| 650 | |a Identidad Personal - |x Tema Principal | ||
| 650 | |a Desarrollo Profesional - |x Tema Principal | ||
| 650 | |a Educación y Trabajo | ||
| 650 | |a Recursos Humanos | ||
| 650 | |a Género | ||
| 650 | |a Psicoterapia - |x Tema Principal | ||
| 650 | |a Psicología Clínica | ||
| 650 | |a Psicología | ||
| 856 | 4 | 0 | |u https://hdl.handle.net/11117/11037 |y Ver documento en línea |
| 910 | |a Fondo General | ||
| 920 | |a Electrónicos - Tesis del ITESO en Línea | ||
| 930 | |a Repositorio Institucional | ||
| 905 | |a 201 | ||
| 901 | |a 616166-1 |b IT2 |c ETI |u 20250613 | ||
| 902 | |a https://opac.biblio.iteso.mx/vufind/Record/000616166 | ||